00451nam a22001217a 4500008004100000050002000041100004000061245007200101260005900173300002400232650004300256650003000299161101b xxu||||| |||| 00| 0 eng d aL341.H5C66 2016 aCommission for University Education a1st biennial conference on the state of higher education in Kenya / aNairobi :bCommission for University Education.,c2016 aix, 170p. :c29 cm. aUniversities and colleges xKenya aUniversities and colleges